Účasť krajín strednej a východnej Európy v globálnych hodnotových reťazcoch

V súčasnosti sa svetové hospodárstvo stáva čoraz prepojenejším a jednotlivé ekonomiky sú od seba čím ďalej tým viac závislé, či už z ekonomického, politického alebo kultúrneho hľadiska. Je to spôsobené hlavne rastúcim pokrokom informačných technológií a zlepšením v oblasti dopravy a logistiky. Vplyv...

Full description

Saved in:
Bibliographic Details
Main Author: Švardová, Viktória, 1991-
Format: Book Chapter
Language:Slovak
Subjects:
Tags: Add Tag
No Tags, Be the first to tag this record!

MARC

LEADER 00000nla a2200000 4500
001 0246480
005 20240502073945.5
041 0 |a slo 
044 |a SK 
245 1 0 |a Účasť krajín strednej a východnej Európy v globálnych hodnotových reťazcoch  |c Viktória Švardová 
520 |a V súčasnosti sa svetové hospodárstvo stáva čoraz prepojenejším a jednotlivé ekonomiky sú od seba čím ďalej tým viac závislé, či už z ekonomického, politického alebo kultúrneho hľadiska. Je to spôsobené hlavne rastúcim pokrokom informačných technológií a zlepšením v oblasti dopravy a logistiky. Vplyv tejto previazanosti na jednotlivé ekonomiky. Vymedzenie pojmu globálne hodnotové reťazce, ktoré čoraz viac naberajú na svojej dôležitosti. 
610 2 0 |a reťazce hodnotové globálne 
610 2 0 |a rast hospodársky 
610 2 0 |a stredná Európa 
610 2 0 |a východná Európa 
610 2 0 |a obchod medzinárodný 
610 2 0 |a vývoz 
610 2 0 |a hodnota pridaná 
100 1 |a Švardová, Viktória, 1991-